LEADER 00847nam0 2200265 450 001 000000718 005 20050630115200.0 010 $a88-204-3184-X 100 $a--------d1989----km-y0itay50------ba 101 $aita 102 $aIT 200 1 $a<>sistema organizzativo aziendale$fFranco Fontana 205 $aNuova ed. ampliata 210 $a[Milano]$cFranco Angeli$d1989 215 $a305 p.$cill.$d22 cm 225 2 $a<>societą industriale e postindustriale$iSez. 2, Saggi$v7 410 0$12001$a<>societą industriale e postindustriale 610 1 $aAziende$aOrganizzazione 676 $a658 700 1$aFontana,$bFranco$0460869 801 0$aIT $bUNIPARTHENOPE $gRICA $2UNIMARC 912 $a000000718 951 $cNAVA1$a658-S/14$b31049$d20000216 996 $aSistema organizzativo aziendale$9198369 997 $aUNIPARTHENOPE LEADER 01064nam0 22002891i 450 001 RML0300511 005 20231121125743.0 010 $a8881072173 100 $a20121121d2006 ||||0itac50 ba 101 | $aund 102 $ait 181 1$6z01$ai $bxxxe 182 1$6z01$an 200 1 $aAntropologia e turismo$escambi e complicitą culturali nell'area mediterranea$fSilvia Barberani 210 $aMilano $cGuerini Scientifica $d©2006 215 $a266 p.$d23 cm. 606 $aTurismo$xAspetti sociali$2FIR$3RMLC398808$9I 676 $a306.48$9$v21 700 1$aBarberani$b, Silvia$3RMLV193992$0749947 801 3$aIT$bIT-01$c20121121 850 $aIT-FR0098 899 $aBiblioteca Area Giuridico Economica$bFR0098 912 $aRML0300511 950 0$aBiblioteca Area Giuridico Economica$d 53DIPSE 21/128$e 53VM 0000704975 VM barcode:BAGE007668. - Inventario:289. - Fondo:Sala consultazioneVM$fA $h20070919$i20121204 977 $a 53 996 $aAntropologia e turismo$92435719 997 $aUNICAS